Normal view
MARC view
Entry Personal Name
001 - CONTROL NUMBER
- control field: 7677
003 - CONTROL NUMBER IDENTIFIER
- control field: OSt
005 - DATE AND TIME OF LATEST TRANSACTION
- control field: 20211028144212.0
008 - FIXED-LENGTH DATA ELEMENTS
- fixed length control field: 211028|| aca||aabn | a|a d
040 ## - CATALOGING SOURCE
- Original cataloging agency: OSt
- Transcribing agency: OSt
100 ## - HEADING--PERSONAL NAME
- Personal name: Nishan; Pereira, Divya.
- Miscellaneous information: 1516102
670 ## - SOURCE DATA FOUND
- Source citation: Work cat.: (OSt): Nishan; Pereira, Divya. 1516102, Study on employee selection and recruitment process at Mahindra and Mahindra., 2017